Build financial software with generative AI (from scratch) /

Build working and regulation-compliant financial software-from scratch! The software used by banks, trading firms, and other financial services has special requirements at every level, from securing the UI to making sure backend services comply with a host of regulations. Build Financial Software wi...

Full description

Bibliographic Details
Main Authors: Kardell, Christopher (Author), Brouwer, Mark (Author)
Corporate Author: Safari, an O'Reilly Media Company
Format: Video
Language:English
Published: [Shelter Island, New York] : Manning Publications, 2025.
Edition:Video Edition.
Subjects:
Online Access:Connect to the full text of this electronic book

MARC

Tag First Indicator Second Indicator Subfields
LEADER 00000ngm a22000007i 4500
001 in00005651007
006 m o c
007 vz czazuu
007 cr cnannnuuuuu
008 250624s2025 nyu633 o vleng d
005 20260128154007.1
024 8 |a 9781633436626VE 
035 |a (OCoLC)1525162551 
037 |a 9781633436626VE  |b O'Reilly Media 
040 |a ORMDA  |b eng  |e rda  |e pn  |c ORMDA  |d OCLCO 
049 |a TXAM 
050 4 |a HG4515.5 
082 0 4 |a 332.640285  |2 23/eng/20250624 
245 0 0 |a Build financial software with generative AI (from scratch) /  |c Christopher Kardell, Mark Brouwer. 
250 |a Video Edition. 
250 |a [First edition]. 
264 1 |a [Shelter Island, New York] :  |b Manning Publications,  |c 2025. 
300 |a 1 online resource (1 video file (10 hr., 33 min.)) :  |b sound, color. 
306 |a 103300 
336 |a two-dimensional moving image  |b tdi  |2 rdacontent 
337 |a video  |b v  |2 rdamedia 
337 |a computer  |b c  |2 rdamedia 
338 |a other  |b vz  |2 rdacarrier 
338 |a online resource  |b cr  |2 rdacarrier 
344 |a digital  |2 rdatr 
347 |a video file  |2 rdaft 
380 |a Instructional films.  |2 lcgft 
520 |a Build working and regulation-compliant financial software-from scratch! The software used by banks, trading firms, and other financial services has special requirements at every level, from securing the UI to making sure backend services comply with a host of regulations. Build Financial Software with Generative AI (From Scratch) shows you how to deliver full stack financial services software-and how generative AI can make you even more productive. 
588 0 |a Online resource; title from title details screen (O'Reilly, viewed June 24, 2025). 
650 0 |a Artificial intelligence  |x Financial applications. 
650 0 |a Finance  |x Technological innovations. 
650 0 |a Finance  |x Computer programs. 
650 0 |a Computer software  |x Development. 
650 6 |a Intelligence artificielle  |x Applications financières. 
650 6 |a Finances  |x Innovations. 
655 7 |a Instructional films.  |2 lcgft 
655 7 |a Nonfiction films.  |2 lcgft 
655 7 |a Internet videos.  |2 lcgft 
655 7 |a Films de formation.  |2 rvmgf 
655 7 |a Films autres que de fiction.  |2 rvmgf 
655 7 |a Vidéos sur Internet.  |2 rvmgf 
700 1 |a Kardell, Christopher,  |e author. 
700 1 |a Brouwer, Mark,  |e author. 
710 2 |a Safari, an O'Reilly Media Company. 
710 2 |a Manning Publications,  |e publisher. 
856 4 0 |u https://proxy.library.tamu.edu/login?url=https://go.oreilly.com/TAMU/library/view/-/9781633436626VE/?ar  |z Connect to the full text of this electronic book  |t 0 
955 |a Safari/O'Reilly ebooks 
994 |a 92  |b TXA 
999 f f |s 29005461-b1c8-4ec4-8d5b-bde0b81986c6  |i 92d6274a-94c0-43fd-8158-c769bab5322b  |t 0 
952 f f |a Texas A&M University  |b College Station  |c Electronic Resources  |s www_evans  |d Available Online  |t 0  |e HG4515.5   |h Library of Congress classification 
998 f f |a HG4515.5   |t 0  |l Available Online